| 000 | 03911ncm0a2200565 4500 | ||
|---|---|---|---|
| 001 | RU\NLR\ONIZ\297310 | ||
| 005 | 20260406074716.0 | ||
| 035 | _a(NLR Aleph) 016289606 | ||
| 090 |
_a12940258 _c12940258 |
||
| 100 | _a20230125d1831 |||y0rusy50 ca | ||
| 101 | 0 | _arus | |
| 102 | _aRU | ||
| 125 | _aa| | ||
| 128 | _afso | ||
| 135 | _acrcn 024anaba | ||
| 145 | 0 | _au | |
| 200 | 1 |
_aНародныя руския песни _bНоты _eарранжированныя для голоса и хоров с аккомпаниментом форте-пиано _fея императорскому величеству всемилостивейшей государыне императрице Александре Феодоровне все подданнейше посвящает Иван Рупини |
|
| 203 |
_aМузыка _bзнаковая _bвизуальная _cнепосредственная |
||
| 210 |
_aВ Ст. Петербурге _cу Бернарда _d[1831] |
||
| 215 |
_a25 с. _d24х33 см |
||
| 300 | _aДатировано по: объявл. в газ. «Северная Пчела». 1831. № 26. | ||
| 313 | _aСистематизация документа проведена по изданию - Методика классифицирования музыкальных произведений (нотных изданий) по таблицам Библиотечно-библиографических классификаций : метод. рекомендации / Гос. б-ка СССР им. В.И. Ленина.- М., 1977. Индексу ББК методических рекомендаций присваивается код ББК для научных библиотек - LBC/SL | ||
| 316 |
_6b03899 _5NLR _aПер. обтянут кожей с золотым тиснением ; форзац: муар с тиснением золотом. |
||
| 317 |
_6b03899 _6z05703 _5NLR _aНа форзаце: эсклибрис имп. Александры Федоровны |
||
| 325 | _aКопия доступна в Электрон. б-ке РНБ | ||
| 602 |
_aРомановы (династия) _f1613 - 1917 _jНоты _2nlr_sh |
||
| 606 | 1 |
_aНародные песни русские _jНоты _2nlr_sh |
|
| 606 | 1 |
_aРусский музыкальный фольклор _jНоты _2nlr_sh |
|
| 620 |
_dСанкт-Петербург _2nlr_sh1 |
||
| 686 | 0 | _aЩ92(2Р=Рус)-4я44 | |
| 686 | 0 | _aЩ93(2Р)-45-4 | |
| 700 | 1 |
_9z06790 _aРупин (Рупини) _bИ. А. _f1792-1850 _gИван Алексеевич _4220 _4030 _7ca |
|
| 702 | 0 |
_4280 _8rus _7ca _aАлександра Федоровна _cимператрица российская _f1798-1860 _3RU\NLR\AUTH\7735340 _918337 |
|
| 703 | 0 |
_4280 _8rus _7ca _aАлександра Федоровна _cимператрица российская _f1798-1860 _3RU\NLR\AUTH\7735340 _918337 |
|
| 790 | 0 |
_4390 _8rus _7ba _aAleksandra Fedorovna _cимператрица российская _f1798-1860 _3RU\NLR\AUTH\77123278 _9106203 |
|
| 790 | 1 |
_9z06700 _aRupin (Rupini) _bI. A. _f1792-1850 _gIvan Alekseevič _4220 _4030 _7ba |
|
| 790 | 0 |
_4280 _8rus _7ba _aAleksandra Fedorovna _cимператрица российская _f1798-1860 _3RU\NLR\AUTH\77123278 _9106203 |
|
| 801 | 0 |
_aRU _bNLR _c20230125 _gPSBO |
|
| 801 | 1 |
_aRU _bNLR _c20230125 _2rusmarc |
|
| 801 | 2 |
_aRU _bNLR _c20230214 |
|
| 852 |
_6b03316 _6b03317 _aNLR _bМ _j980-4/Р.869 _p130073 _t1 |
||
| 942 | _cSCORE | ||
| 980 | _aNB | ||
| 980 | _aONIZ | ||
| 981 | 2 | 4 | _a(24) Нотные издания и аудиозаписи |
| 981 | 2 | 0 |
_a(20) Книжные памятники РНБ _b(20) ОНиЗ |